Democratic experiments in Africa (Record no. 7760)
[ view plain ]
| 000 -LEADER | |
|---|---|
| fixed length control field | 00575nam a22001937a 4500 |
| 003 - CONTROL NUMBER IDENTIFIER | |
| control field | OSt |
| 005 - DATE AND TIME OF LATEST TRANSACTION | |
| control field | 20220301132644.0 |
| 008 - FIXED-LENGTH DATA ELEMENTS--GENERAL INFORMATION | |
| fixed length control field | 220301b ||||| |||| 00| 0 eng d |
| 020 ## - INTERNATIONAL STANDARD BOOK NUMBER | |
| International Standard Book Number | 0521556120 |
| 040 ## - CATALOGING SOURCE | |
| Transcribing agency | DDC |
| 082 ## - DEWEY DECIMAL CLASSIFICATION NUMBER | |
| Classification number | 321.8 DEM 1997 |
| 100 ## - MAIN ENTRY--PERSONAL NAME | |
| Personal name | Micheal ,Bratton |
| 9 (RLIN) | 15822 |
| 245 ## - TITLE STATEMENT | |
| Title | Democratic experiments in Africa |
| Remainder of title | : regime transitions in comparative perspective |
| 260 ## - PUBLICATION, DISTRIBUTION, ETC. (IMPRINT) | |
| Place of publication, distribution, etc. | New york |
| Name of publisher, distributor, etc. | : Cambridge university |
| Date of publication, distribution, etc. | , 1997 |
| 300 ## - PHYSICAL DESCRIPTION | |
| Extent | xvi,307p. |
| Dimensions | ; 23 cm |
| 504 ## - BIBLIOGRAPHY, ETC. NOTE | |
| Bibliography, etc | Bibliography<br/>index |
| 650 ## - SUBJECT ADDED ENTRY--TOPICAL TERM | |
| Topical term or geographic name as entry element | Democratic experiments- Africa |
| 9 (RLIN) | 15823 |
| 942 ## - ADDED ENTRY ELEMENTS (KOHA) | |
| Source of classification or shelving scheme | Dewey Decimal Classification |
| Koha item type | Book |
| Withdrawn status | Lost status | Source of classification or shelving scheme | Damaged status | Not for loan | Home library | Current library | Date acquired | Source of acquisition | Inventory number | Total Checkouts | Full call number | Barcode | Date last seen | Price effective from | Koha item type |
|---|---|---|---|---|---|---|---|---|---|---|---|---|---|---|---|
| Dewey Decimal Classification | Faculty of Interdisciplinary Studies Library | Faculty of Interdisciplinary Studies Library | 01/03/2022 | Purchase | 11/4413 | 321.8 DEM 1997 | 2022-0335 | 01/03/2022 | 01/03/2022 | Book |
